Construir el nuevo milenio: arquitectura de comienzos del siglo XXI
Sparad:
| Materialtyp: | Bok |
|---|---|
| Språk: | spanska |
| Publicerad: |
Londres
Phaidon Press Limited
2009
|
| Upplaga: | 1a. ed |
| Ämnen: | |
| Taggar: |
Lägg till en tagg
Inga taggar, Lägg till första taggen!
|
MARC
| LEADER | 00000cam a2200000 a 4500 | ||
|---|---|---|---|
| 001 | UCF1825 | ||
| 003 | CL-VaPUC | ||
| 008 | 120727e20090000UK |||||||||||||||||spa|d | ||
| 020 | |a 9780714856803 | ||
| 082 | 0 | 4 | |a 724.6 |b CON |2 21 |
| 245 | 1 | 0 | |a Construir el nuevo milenio: arquitectura de comienzos del siglo XXI |
| 250 | |a 1a. ed | ||
| 300 | |a 159 p | ||
| 942 | |c BK | ||
| 945 | |d 20120727 00:00:00 |a dcastane | ||
| 260 | |a Londres |b Phaidon Press Limited |c 2009 | ||
| 650 | 0 | |a Arquitectura |y Siglo 21 |9 556966 | |
| 650 | 0 | |a Diseño arquitectónico |9 265271 | |
| 650 | 0 | |a Estilos artísticos |9 340996 | |
| 583 | |a last modification |c 20120727 13:37:00 |k Rodrigo Vera | ||
| 999 | |c 348513 |d 348511 | ||
| 952 | |0 0 |1 0 |4 0 |6 724_600000000000000_CON_2009 |7 0 |8 A |9 450552 |a BIBING |b BIBING |d 2019-11-22 |i 4874331 |o 724.6 CON 2009 |p 4874331 |r 2025-01-20 |w 2019-11-22 |y BK |k CUI | ||